3 największe miasta Polski na każdą literę. - Statystyki

Ogólne statystyki
  • Ten quiz został rozwiązany 328 razy
  • Średni wynik to 53 z 74
Statystyki odpowiedzi
Litera Województwo Odpowiedź Nr. % Poprawnych
Podlaskie Białystok 2
91%
B Kujawsko-pomorskie Bydgoszcz 1
91%
G Pomorskie Gdańsk 1
91%
Pomorskie Gdynia 2
91%
Ł Łódzkie Łódź 1
91%
L Lubelskie Lublin 1
90%
K Małopolskie Kraków 1
89%
C Śląskie Częstochowa 1
87%
Śląskie Katowice 2
87%
Opolskie Opole 2
87%
P Wielkopolskie Poznań 1
87%
A Podlaskie Augustów 1
86%
S Zachodniopomorskie Szczecin 1
86%
W Mazowieckie Warszawa 1
86%
Świętokrzyskie Kielce 3
85%
T Kujawsko-Pomorskie Toruń 1
85%
Warmińsko-Mazurskie Ełk 2
84%
O Warmińsko-Mazurskie Olsztyn 1
84%
Podkarpackie Rzeszów 2
84%
E Warmińsko-Mazurskie Elbląg 1
83%
R Mazowieckie Radom 1
83%
Dolnośląskie Wrocław 2
83%
Śląskie Bielsko-Biała 3
80%
Śląskie Chorzów 2
80%
D Śląskie Dąbrowa Górnicza 1
80%
I Kujawsko-Pomorskie Inowrocław 1
80%
Dolnośląskie Legnica 2
78%
Dolnośląskie Lubin 3
78%
Małopolskie Tarnów 3
78%
Z Śląskie Zabrze 1
78%
Lubelskie Chełm 3
76%
Dolnośląskie Jelenia góra 3
76%
F Warmińsko-Mazurskie Frombork 1
74%
Śląskie Gliwice 3
74%
Warmińsko-Mazurskie Iława 2
74%
J Śląskie Jaworzno 1
73%
Mazowieckie Płock 2
73%
Śląskie Sosnowiec 2
72%
Dolnośląskie Wałbrzych 3
72%
Lubuskie Zielona góra 2
71%
N Małopolskie Nowy sącz 1
70%
Wielkopolskie Piła 3
69%
Ż Śląskie Żory 1
69%
Podlaskie Łomża 2
67%
Pomorskie Słupsk 3
67%
Lubelskie Zamość 3
67%
H Podlaskie Hajnówka 1
66%
Śląskie Tychy 2
66%
Małopolskie Andrychów 3
65%
Śląskie Rybnik 3
65%
Ć Świętokrzyskie Ćmielów 1
64%
Pomorskie Hel 3
64%
Podkarpackie Mielec 2
64%
Opolskie Nysa 2
64%
Zachodniopomorskie Świnoujście 3
64%
M Śląskie Mysłowice 1
63%
Pomorskie Ustka 2
63%
Ś Dolnośląskie Świdnica 1
61%
Łódzkie Aleksandrów Łódzki 2
60%
Lubelskie Hrubieszów 2
60%
Śląskie Jastrzębie-Zdrój 2
60%
Lubuskie Żary 3
59%
Wielkopolskie Ostrów wielkopolski 3
58%
Podkarpackie Dębica 2
57%
Mazowieckie Żyrardów 2
56%
Śląskie Świętochłowice 2
53%
Lubuskie Nowa sól 3
52%
Podkarpackie Ustrzyki dolne 3
47%
Lubelskie Łuków 3
46%
U Śląskie Ustroń 1
44%
Dolnośląskie Dzierżoniów 3
43%
Śląskie Mikołów 3
41%
Lubelskie Frampol 2
40%
Śląskie Imielin 3
36%
Nie znaleziono quizów pasujących do podanych kryteriów
Rozkład punktacji
Procent ludzi z każdym wynikiem
Percentyl według liczby udzielonych odpowiedzi
Twoja historia wyników
Nie rozwiązałeś tego quizu